LEADER 01083nam a2200229 u 4500 001 000000106790 003 CaOOAMICUS 005 20131010101651.0 008 070907s1929 gw u000 u ger u 040 $aPUL$bita$dLDB 100 1 $aSchumacher, Rudolf.$0(OLS)http://pul/name/24280 245 14$aDie beiden letzten kapitel des Römerbriefes :$bein beitrag zu ihrer geschichte und erklärung /$cvon dr. Rudolf Schumacher. 260 $aMünster :$bAschendorff,$c1929. 300 $a139 p.$c23 cm 490 1 $aNeutestamentliche Abhandlungen ;$v14,4 630 04$aBiblia.$pN.T.$pAd Romanos$xCritica, interpretazione, ecc.$0(OLS)http://pul/subject/2541 830 0$aNeutestamentliche Abhandlungen ;$v14,4.$0(OLS)http://pul/title/2361 850 $aPUL 852 $aPUL$W1$xDP2 Religione 1$y63$m5 C 43$j115267$qStampati$B120019$CPULBib$Z2$F120019 $82 941 1 $a8 996 $6245$aDie beiden letzten kapitel des Römerbriefes :$bein beitrag zu ihrer geschichte und erklärung$9(OLS)http://pul/title/134441 996 $6260$aMünster :$bAschendorff$9(OLS)http://pul/publisher/48290 LEADER 00770nam a2200193 u 4500 001 000000109103 003 CaOOAMICUS 005 20080117123251.0 008 080117q1990 it u000 u ita u 040 $aPUL$bita$dLDB 110 2 $aConsiglio nazionale dell'economia e del lavoro.$0(OLS)http://pul/name/42046 245 10$aAnnali CNEL :$bmillenovecentonovanta. 260 $aRoma :$bRinascimento,$c[1990] 300 $a278 p. ;$c25 cm. 850 $aPUL 852 $aPUL$W1$xDP1 Cons. Gen., Altre Classi 1$y22$m46 F 40.1$j124622$qStampati$B123369$CPULBib$Z2$F123369 $H69227 $82 941 1 $a8 996 $6245$aAnnali CNEL :$bmillenovecentonovanta$9(OLS)http://pul/title/137269 996 $6260$aRoma :$bRinascimento$9(OLS)http://pul/publisher/70117